| 000 | 00447nam a2200133Ia 4500 | ||
|---|---|---|---|
| 008 | 200915s9999 xx 000 0 und d | ||
| 020 | _a978-1-4739-1198-7 | ||
| 245 |
_cEdited by: Uwe Flick.-- _aDesigning qualitative research / |
||
| 250 | _a2nd ed. | ||
| 260 |
_aLondon : _bSage Publcations Ltd. _c2018 |
||
| 300 |
_axiii , 180 pages : _billustrations ; _c23 cm. |
||
| 650 | _aQualitative research -- Methodology. | ||
| 650 | _aQualitative research. | ||
| 999 |
_c364226 _d364226 |
||